Quiz dos estados brasileiros - Paraná - Statistics

Estatísticas Gerais
  • Esse quiz foi jogado 464 vezes
    459 desde o último reset
  • A pontuação média é 13 de 22
Estatísticas das Respostas
Dica Resposta % Correto
Capital Curitiba
100%
3 cidades mais populosas Curitiba
100%
Londrina
92%
Maringá
87%
Cataratas considerada uma das sete maravilhas naturais do mundo Iguaçú
85%
Segunda maior usina hidroelétrica do mundo Itaipú
84%
Árvore símbolo do estado araucária
82%
O estado é líder nacional na produção desse alimento encontrado nas refeições de todo brasileiro feijão
75%
Erva cujo cultivo que chegou a representar 85% da economia paranaense mate
70%
Ponte que faz a fronteira com o Paraguai Ponte da Amizade
70%
O Paraná já foi responsável pela produção de 60% desse grão em todo o mundo café
68%
Raro evento meteorológico que ocorreu na capital em 2013 neve
64%
A capital é considerada modelo mundial nesse sistema de tranporte público viário
64%
O estado é líder nacional na produção desse tipo de carne frango
62%
Prato típico do litoral feito em panela de barro barreado
54%
Principal estádio da capital Arena da Baixada
53%
Conjunto de cachoeiras que foram submergidas pela usina citada Sete Quedas
30%
Gentílico além de paranaense usado para moradores do norte do estado pé-vermelho
27%
Miss Paraná 1999 e celebridade nacional Grazi Massafera
22%
Episódio militar que ocorreu durante a revolução federalista cerco da Lapa
12%
Físico codescobridor do méson-pi César Lattes
12%
Nome da província espanhola que hoje corresponde ao Paraná Guairá
11%
Nenhum quiz correspondente encontrado
Distribuição das Pontuações
Porcentagem de Pessoas com Cada Pontuação
Percentil de Números Respondidos
Sua Pontuação Histórica
Você não jogou esse quiz desde o último reset